[Event "DVM U10 2020"]
[Site "Magdeburg GER"]
[Date "2021.08.07"]
[Round "4"]
[White "Merenda, Lukas-Benedikt"]
[Black "Burlutskaia, Maria"]
[Result "1-0"]
[Termination "normal"]
[Board "4.2"]
[WhiteElo "1222"]
[BlackElo "1355"]
[WhiteClock "00:28:35"]
[BlackClock "00:38:43"]
[WhiteTeam "Schachfreunde München e.V."]
[BlackTeam "Tischtennisclub Grün-Weiß Fritzdorf 1958 e. V."]
[PlyCount "85"]
[WhiteFideId "34603336"]
[BlackFideId "34607137"]
[EventCountry "GER"]
[EventRounds "7"]
[EventType "team-swiss"]
[EventDate "2021.08.06"]

1. e4 {[%clk 00:55:09]} e5 {[%clk 00:55:06]} {[%emt 00:00:04]} 2. Nf3 {[%clk
00:55:11]} {[%emt 00:00:04]} Nc6 {[%emt 00:00:12]} 3. Nc3 {[%clk 00:55:08]} Nf6
{[%clk 00:55:06]} {[%emt 00:00:06]} 4. d4 {[%clk 00:54:35]} {[%emt 00:00:37]}
exd4 {[%clk 00:55:04]} {[%emt 00:00:08]} 5. Nxd4 {[%clk 00:54:34]} {[%emt
00:00:06]} Bb4 {[%clk 00:54:55]} {[%emt 00:00:13]} 6. Nxc6 {[%clk 00:53:54]}
{[%emt 00:00:45]} bxc6 {[%emt 00:00:09]} 7. Bd3 {[%clk 00:53:55]} {[%emt
00:00:02]} Qe7 {[%clk 00:53:27]} {[%emt 00:01:32]} 8. O-O {[%clk 00:53:51]}
{[%emt 00:00:08]} O-O {[%clk 00:53:12]} {[%emt 00:00:20]} 9. Re1 {[%clk
00:53:14]} {[%emt 00:00:43]} Bxc3 {[%clk 00:51:34]} {[%emt 00:01:43]} 10. bxc3
{[%clk 00:53:04]} {[%emt 00:00:15]} Qc5 {[%clk 00:50:13]} {[%emt 00:01:25]} 11.
Qd2 {[%clk 00:50:03]} {[%emt 00:03:06]} d5 {[%clk 00:50:06]} {[%emt 00:00:12]}
12. exd5 {[%clk 00:48:42]} {[%emt 00:01:26]} cxd5 {[%clk 00:49:39]} {[%emt
00:00:32]} 13. a4 {[%clk 00:47:55]} {[%emt 00:00:53]} Bb7 {[%clk 00:48:54]}
{[%emt 00:00:50]} 14. Ba3 {[%clk 00:47:41]} {[%emt 00:00:19]} Qc6 {[%clk
00:48:41]} {[%emt 00:00:17]} 15. Bxf8 {[%clk 00:47:03]} {[%emt 00:00:44]} d4
{[%clk 00:48:30]} {[%emt 00:00:16]} 16. f3 {[%clk 00:46:19]} {[%emt 00:00:49]}
dxc3 {[%clk 00:48:25]} {[%emt 00:00:10]} 17. Qe2 {[%clk 00:45:58]} {[%emt
00:00:25]} Rxf8 {[%clk 00:48:01]} {[%emt 00:00:28]} 18. Bb5 {[%clk 00:44:28]}
{[%emt 00:01:36]} Qc5+ {[%clk 00:47:22]} {[%emt 00:00:45]} 19. Qf2 {[%clk
00:42:43]} {[%emt 00:01:50]} Qxf2+ {[%clk 00:47:15]} {[%emt 00:00:12]} 20. Kxf2
{[%clk 00:42:40]} {[%emt 00:00:08]} a6 {[%clk 00:47:14]} {[%emt 00:00:06]} 21.
Bc4 {[%clk 00:42:13]} {[%emt 00:00:32]} Rd8 {[%clk 00:46:46]} {[%emt 00:00:33]}
22. Rad1 {[%clk 00:41:45]} {[%emt 00:00:31]} Rxd1 {[%emt 00:00:42]} 23. Rxd1
{[%clk 00:41:40]} {[%emt 00:00:05]} Kf8 {[%clk 00:46:12]} {[%emt 00:00:08]} 24.
Rd3 {[%clk 00:41:13]} {[%emt 00:00:32]} Ke7 {[%clk 00:45:31]} {[%emt 00:00:47]}
25. Rxc3 {[%clk 00:41:11]} {[%emt 00:00:07]} Bd5 {[%clk 00:45:29]} {[%emt
00:00:06]} 26. Bxa6 {[%clk 00:40:29]} {[%emt 00:00:48]} Kd6 {[%clk 00:45:01]}
{[%emt 00:00:33]} 27. Bd3 {[%clk 00:39:52]} {[%emt 00:00:41]} c6 {[%clk
00:44:47]} {[%emt 00:00:19]} 28. a5 {[%clk 00:39:19]} {[%emt 00:00:38]} Kc7
{[%clk 00:44:39]} {[%emt 00:00:14]} 29. a6 {[%clk 00:38:48]} {[%emt 00:00:36]}
Kb6 {[%clk 00:43:21]} {[%emt 00:01:23]} 30. Ra3 {[%clk 00:38:02]} {[%emt
00:00:50]} Ka7 {[%clk 00:43:14]} {[%emt 00:00:12]} 31. c4 {[%clk 00:37:41]}
{[%emt 00:00:26]} Be6 {[%clk 00:43:09]} {[%emt 00:00:11]} 32. Ke3 {[%clk
00:36:08]} {[%emt 00:01:39]} Nd7 {[%clk 00:43:07]} {[%emt 00:00:06]} 33. h3
{[%clk 00:34:49]} {[%emt 00:01:23]} Nb6 {[%clk 00:42:46]} {[%emt 00:00:27]} 34.
Kd4 {[%clk 00:34:04]} {[%emt 00:00:50]} Nd7 {[%clk 00:42:17]} {[%emt 00:00:34]}
35. c5 {[%clk 00:33:04]} {[%emt 00:01:05]} g6 {[%clk 00:42:09]} {[%emt
00:00:12]} 36. Be4 {[%clk 00:31:53]} {[%emt 00:01:16]} Nb8 {[%clk 00:41:52]}
{[%emt 00:00:22]} 37. Ke5 {[%clk 00:30:29]} {[%emt 00:01:29]} Bc4 {[%clk
00:41:00]} {[%emt 00:00:58]} 38. Kd6 {[%clk 00:29:47]} {[%emt 00:00:47]} Bb5
{[%clk 00:40:55]} {[%emt 00:00:10]} 39. g4 {[%clk 00:29:23]} {[%emt 00:00:29]}
h6 {[%clk 00:39:00]} {[%emt 00:01:59]} 40. h4 {[%clk 00:28:54]} {[%emt
00:00:35]} f5 {[%clk 00:38:48]} {[%emt 00:00:17]} 41. gxf5 {[%clk 00:28:34]}
{[%emt 00:00:24]} gxf5 {[%clk 00:38:42]} {[%emt 00:00:10]} 42. Bxf5 {[%clk
00:28:35]} {[%emt 00:00:05]} Nxa6 {[%clk 00:38:43]} {[%emt 00:00:05]} 43. Bc8
{[%emt 00:01:04]} 1-0

[Event "DVM U10 2020"]
[Site "Magdeburg GER"]
[Date "2021.08.07"]
[Round "4"]
[White "Barsov, Vladislav"]
[Black "Schäfer, Benjamin"]
[Result "1/2-1/2"]
[Termination "normal"]
[Board "5.2"]
[WhiteElo "1083"]
[BlackElo "1364"]
[WhiteTeam "SK Gräfelfing"]
[BlackTeam "SV Königsjäger Süd-West e.V."]
[PlyCount "126"]
[WhiteFideId "34613757"]
[BlackFideId "34616390"]
[EventCountry "GER"]
[EventRounds "7"]
[EventType "team-swiss"]
[EventDate "2021.08.06"]

{[%evp 0,71,26,18,45,17,45,27,57,32,45,26,55,38,47,-17,109,93,139,80,92,90,92,
70,164,30,115,89,72,5,-7,-23,14,-59,-51,-114,-134,-121,-93,-107,-30,-56,238,
246,228,228,237,224,212,212,258,-214,159,52,29997,228,225,213,211,202,251,207,
248,-127,205,197,211,174,892,189,189,191,188,183] normal} 1. e4 c5 2. d4 cxd4
3. c3 dxc3 4. Nxc3 e6 5. Bc4 Bb4 6. Nf3 Nf6 7. O-O O-O 8. e5 Bxc3 9. bxc3 Ne4
10. Qd4 d5 11. exd6 Nxd6 12. Ba3 Nf5 13. Qg4 Re8 14. Bb5 Bd7 15. Rfd1 Qc7 16.
Bxd7 Nxd7 17. Bb2 Nf6 18. Qa4 Nd5 19. Rac1 a6 20. c4 Nf4 21. Be5 Nh3+ 22. gxh3
Qc5 23. Bd4 Nxd4 24. Rxd4 Qf5 25. Kf1 Red8 26. Rcd1 Qg6 27. Rg4 Qf6 28. Rxd8+
Rxd8 29. Qa5 Rd3 30. Rg3 h5 31. Qe5 Qxe5 32. Nxe5 Rd2 33. a3 Re2 34. Re3 Rb2
35. Rf3 f6 36. Nd7 e5 37. Nc5 Rc2 38. Nxb7 Rxc4 39. Rb3 Rf4 40. Ke2 Re4+ 41.
Re3 Rc4 42. Kd3 Ra4 43. Kc2 Rf4 44. Re2 Rf3 45. Kb2 Rd3 46. Nc5 Rd6 47. Kb3
Rb6+ 48. Ka4 Kf7 49. Ka5 Rb5+ 50. Kxa6 Rxc5 51. Kb6 Rc3 52. a4 Rxh3 53. a5 Rg3
54. Kc5 Ra3 55. Kb4 Ra1 56. Rb2 Ke6 57. Kb5 Kd7 58. Kb6 Kc8 59. Rc2+ Kb8 60.
Rb2 e4 61. a6 f5 62. Kc5+ Kc8 63. Kb6 Kb8 1/2-1/2

[Event "DVM U10 2020"]
[Site "Magdeburg GER"]
[Date "2021.08.07"]
[Round "4"]
[White "Bickerich, Philipp"]
[Black "Yaroshenko, Vladimir"]
[Result "0-1"]
[Termination "normal"]
[Board "5.3"]
[WhiteElo "1161"]
[BlackElo "1097"]
[WhiteTeam "SV Königsjäger Süd-West e.V."]
[BlackTeam "SK Gräfelfing"]
[PlyCount "72"]
[WhiteFideId "34604995"]
[BlackFideId "34695699"]
[EventCountry "GER"]
[EventRounds "7"]
[EventType "team-swiss"]
[EventDate "2021.08.06"]

{[%evp 0,72,16,36,5,11,25,25,12,-9,67,59,75,59,59,59,97,93,90,97,120,107,135,
166,159,124,124,124,183,183,159,103,54,12,38,-31,17,-41,63,-1,-1,-7,206,214,
215,214,212,206,211,208,224,144,143,124,157,101,126,101,102,106,106,77,112,62,
72,49,89,97,109,107,110,102,124,24,49] normal} 1. e4 e5 2. Nf3 Nc6 3. Bc4 Bc5
4. c3 d6 5. d4 Bb6 6. dxe5 dxe5 7. Qxd8+ Kxd8 8. Bxf7 Nf6 9. Bg5 Ke7 10. Bd5
Bd7 11. Nbd2 h6 12. Bxf6+ gxf6 13. Nc4 Bc5 14. b4 Bb6 15. b5 Na5 16. Nxa5 Bxa5
17. Rc1 Rab8 18. a4 Be6 19. Nh4 Bxd5 20. Ng6+ Kf7 21. Nxh8+ Rxh8 22. exd5 Rd8
23. Ke2 Rxd5 24. Rhd1 Rc5 25. f3 Rc4 26. g3 Kg6 27. Kf2 f5 28. h4 Bb6+ 29. Kg2
Rxa4 30. Kh3 h5 31. Rb1 Rc4 32. Rd3 e4 33. fxe4 fxe4 34. Rd5 Rxc3 35. Rg5+ Kh6
36. Rg8 e3 0-1

[Event "DVM U10 2020"]
[Site "Magdeburg GER"]
[Date "2021.08.07"]
[Round "4"]
[White "Barsov, Mikhail"]
[Black "Hafener, Arne"]
[Result "0-1"]
[Termination "normal"]
[Board "5.4"]
[WhiteElo "858"]
[BlackElo "1079"]
[WhiteTeam "SK Gräfelfing"]
[BlackTeam "SV Königsjäger Süd-West e.V."]
[PlyCount "182"]
[WhiteFideId "34623906"]
[EventCountry "GER"]
[EventRounds "7"]
[EventType "team-swiss"]
[EventDate "2021.08.06"]

{[%evp 0,71,27,37,39,32,34,25,28,24,18,16,47,27,48,45,70,-8,65,78,123,129,129,
44,48,2,-12,-9,43,-65,-24,-24,23,-10,-10,-16,1,-147,-175,-538,-212,-212,15,24,
24,-9,40,29,109,176,374,117,380,57,94,72,161,58,79,22,6,-51,-47,-592,-185,-220,
-82,-86,-54,-59,-56,-55,-21,-11] normal} 1. e4 e5 2. Nf3 Nc6 3. Bc4 Bc5 4. O-O
d6 5. d3 Bg4 6. h3 Bh5 7. c3 Nge7 8. Bg5 Qd7 9. Nbd2 O-O-O 10. b4 Bb6 11. b5
Na5 12. a4 f6 13. Bh4 c6 14. Qe2 g5 15. Bg3 f5 16. exf5 Nxf5 17. Bh2 Nh4 18.
Ba2 Rhf8 19. g4 Nxf3+ 20. Nxf3 Bf7 21. Nxg5 Bxa2 22. Qxa2 Rg8 23. Ne4 Qg7 24.
Qe6+ Kc7 25. bxc6 bxc6 26. Ra2 Qg6 27. Qxg6 Rxg6 28. Re1 h5 29. Bg3 hxg4 30.
hxg4 Rxg4 31. Nf6 Rg6 32. Ne4 Rh6 33. Kg2 Rf8 34. Rh1 Rxh1 35. Kxh1 d5 36.
Bxe5+ Kd7 37. Nd2 Rxf2 38. Bg3 Re2 39. d4 Nc4 40. Bf4 Ba5 41. Rc2 Bxc3 42. Rxc3
Nxd2 43. Rc2 Re1+ 44. Kg2 Ne4 45. Rb2 Rd1 46. Rb7+ Ke6 47. Be5 Rd2+ 48. Kf3
Ng5+ 49. Ke3 Ra2 50. Rxa7 Nf7 51. Bg7 Nd6 52. a5 Nc4+ 53. Kd3 Rxa5 54. Rxa5
Nxa5 55. Bf8 Kf5 56. Bb4 Nb3 57. Ke3 Na1 58. Bc3 Nc2+ 59. Kd2 Na3 60. Bb4 Nb1+
61. Kc2 Ke4 62. Bc5 Na3+ 63. Kb3 Nb5 64. Kb4 Nxd4 65. Kc3 Nb5+ 66. Kd2 d4 67.
Bb4 d3 68. Bc5 Nd4 69. Bb4 Nb3+ 70. Kd1 c5 71. Bc3 Ke3 72. Bb2 c4 73. Bc3 d2
74. Bb2 Kd3 75. Ba1 c3 76. Bxc3 Kxc3 77. Ke2 Kc2 78. Ke3 d1=Q 79. Ke4 Qd4+ 80.
Kf5 Qe3 81. Kf6 Kd3 82. Kf7 Kd4 83. Kf6 Qe2 84. Kf5 Qe1 85. Kf4 Qf1+ 86. Kg5
Ke4 87. Kg4 Qg1+ 88. Kh5 Kf4 89. Kh6 Kf5 90. Kh7 Kf6 91. Kh8 Qg7# 0-1

[Event "DVM U10 2020"]
[Site "Magdeburg GER"]
[Date "2021.08.07"]
[Round "4"]
[White "Burban, Victor"]
[Black "Pimenov, Danil"]
[Result "0-1"]
[Termination "normal"]
[Board "6.1"]
[WhiteElo "1272"]
[BlackElo "1227"]
[WhiteTeam "SchachAkademiePaderborn e. V."]
[BlackTeam "SC Borussia Lichtenberg"]
[PlyCount "124"]
[WhiteFideId "34609032"]
[BlackFideId "34600248"]
[EventCountry "GER"]
[EventRounds "7"]
[EventType "team-swiss"]
[EventDate "2021.08.06"]

{[%evp 0,81,16,28,46,51,106,34,37,1,222,240,240,230,230,192,225,230,229,216,
207,208,219,206,208,181,166,174,231,188,212,180,263,194,201,188,195,160,244,
185,378,162,266,228,377,216,216,216,216,242,276,250,280,158,247,252,280,203,
273,204,188,232,333,295,324,184,184,184,184,184,229,229,292,184,229,229,292,
186,329,164,171,102,181,236] normal} 1. e4 c5 2. Nf3 d6 3. c3 Nf6 4. Be2 Nxe4
5. Qa4+ Nc6 6. Qxe4 d5 7. Qc2 g6 8. O-O Bg7 9. d3 O-O 10. Be3 d4 11. cxd4 cxd4
12. Bf4 e5 13. Bg3 f5 14. Nbd2 h6 15. h3 Bd7 16. Nc4 Qe7 17. Rfe1 b5 18. Ncd2
Kh7 19. Nb3 Nb4 20. Qd2 Rac8 21. Bd1 Nc6 22. a4 bxa4 23. Rxa4 f4 24. Bh2 Qd6
25. Ra1 Bf5 26. Ra6 Qc7 27. Nh4 Be6 28. Nf3 Rfe8 29. Ra1 Bf8 30. Rc1 Bxb3 31.
Bxb3 Qb6 32. Bd5 Bb4 33. Qe2 Bxe1 34. Rxe1 Nb4 35. Bc4 Nc6 36. Bd5 Nb4 37. Bc4
Nc6 38. g3 g5 39. Qd2 Rb8 40. Re2 Kg6 41. Bd5 Kf6 42. Bxc6 Qxc6 43. Qe1 Qxf3
44. Qd2 Rec8 45. Re1 Rc5 46. Qe2 Qxe2 47. Rxe2 Rcb5 48. gxf4 gxf4 49. Rc2 R8b6
50. Rc7 Rxb2 51. Rxa7 f3 52. Bg3 R2b3 53. Ra8 Rxd3 54. Rf8+ Ke7 55. Rh8 e4 56.
Rh7+ Kf8 57. Rh8+ Kg7 58. Be5+ Kg6 59. Rg8+ Kh5 60. Rd8 Rg6+ 61. Kh2 Rg2+ 62.
Kh1 Rd1# 0-1

[Event "DVM U10 2020"]
[Site "Magdeburg GER"]
[Date "2021.08.07"]
[Round "4"]
[White "Ha, Minh Quan"]
[Black "Vesszö, Aaron"]
[Result "0-1"]
[Termination "normal"]
[Board "6.2"]
[WhiteElo "1123"]
[BlackElo "951"]
[WhiteTeam "SC Borussia Lichtenberg"]
[BlackTeam "SchachAkademiePaderborn e. V."]
[PlyCount "48"]
[WhiteFideId "34600876"]
[BlackFideId "34619631"]
[EventCountry "GER"]
[EventRounds "7"]
[EventType "team-swiss"]
[EventDate "2021.08.06"]

{[%evp 0,48,16,28,29,60,50,29,30,22,36,30,39,33,56,46,80,44,37,25,35,-17,-29,
-29,17,0,37,16,51,40,23,8,19,15,12,-3,-4,3,-9,-15,0,-21,-14,-14,-14,-14,-14,
-14,-14,-34,29] normal} 1. e4 e6 2. Nc3 d5 3. exd5 exd5 4. d4 Be6 5. Bd3 Bd6 6.
Nf3 Ne7 7. O-O O-O 8. Re1 Nbc6 9. Bg5 Qd7 10. Bb5 f6 11. Bd2 Bg4 12. h3 Bxf3
13. Qxf3 a6 14. Bxc6 bxc6 15. Bf4 Nf5 16. Bxd6 cxd6 17. Qf4 Rab8 18. b3 Rfe8
19. a4 a5 20. Na2 c5 21. dxc5 dxc5 22. Nc3 Nd4 23. Rxe8+ Rxe8 24. Rc1 Qb7 0-1

[Event "DVM U10 2020"]
[Site "Magdeburg GER"]
[Date "2021.08.07"]
[Round "4"]
[White "Kleine, Jelte"]
[Black "Ciur, Andrei"]
[Result "1-0"]
[Termination "normal"]
[Board "6.3"]
[WhiteElo "1050"]
[BlackElo "1088"]
[WhiteTeam "SchachAkademiePaderborn e. V."]
[BlackTeam "SC Borussia Lichtenberg"]
[PlyCount "143"]
[WhiteFideId "34619534"]
[BlackFideId "13912720"]
[EventCountry "GER"]
[EventRounds "7"]
[EventType "team-swiss"]
[EventDate "2021.08.06"]

{[%evp 0,49,26,10,24,19,19,-11,-18,-11,-11,-11,126,85,123,40,414,341,388,381,
410,420,435,340,354,368,361,308,318,337,377,438,460,433,435,390,384,360,365,
256,340,359,367,369,401,401,502,427,405,413,499,426] normal} 1. d4 d5 2. Nf3
Nc6 3. g3 Bf5 4. Bg2 Nf6 5. O-O e5 6. dxe5 Ng4 7. Nh4 Ngxe5 8. Nxf5 g6 9. Ne3
d4 10. Nd5 Bg7 11. Nf4 Qd7 12. c3 O-O-O 13. Bh3 f5 14. Bg2 d3 15. exd3 Nxd3 16.
Nxd3 Qxd3 17. Qxd3 Rxd3 18. Bg5 Ne5 19. Be3 Kb8 20. Na3 h5 21. h4 Ng4 22. Bf4
Bf6 23. Rad1 Rxd1 24. Rxd1 Rg8 25. Nb5 Be5 26. Bxe5 Nxe5 27. Re1 Nd3 28. Re7 c6
29. Nd6 Nc5 30. Re8+ Rxe8 31. Nxe8 Nd3 32. Kf1 Nxb2 33. Ke2 Na4 34. Kd2 Kc8 35.
Nd6+ Kd7 36. Nxb7 Ke7 37. Na5 a6 38. Nxc6+ Kd6 39. Nb4 Nc5 40. Bf1 a5 41. Nd3
Ne4+ 42. Kc2 g5 43. hxg5 Nxg5 44. Nf4 Ne4 45. Nxh5 Nxf2 46. Bd3 Ke5 47. Ng7 Nh1
48. Nxf5 Kd5 49. c4+ Kc5 50. Kb3 Nf2 51. Bc2 Ng4 52. Bd3 Ne5 53. Bf1 Ng4 54.
Ka4 Kb6 55. c5+ Kxc5 56. Kxa5 Kd5 57. Bd3 Ke6 58. Ng7+ Kf6 59. Nf5 Ke5 60. Kb5
Ke6 61. a4 Kd7 62. Kb6 Kc8 63. Be4 Nf6 64. Bc6 Kb8 65. a5 Kc8 66. a6 Ne8 67.
Bxe8 Kd8 68. a7 Kxe8 69. a8=Q+ Kf7 70. Qc6 Kf8 71. Qd7 Kg8 72. Qg7# 1-0

[Event "DVM U10 2020"]
[Site "Magdeburg GER"]
[Date "2021.08.07"]
[Round "4"]
[White "He, Saiqi"]
[Black "Gulamzada, Elmir"]
[Result "1-0"]
[Termination "normal"]
[Board "7.1"]
[WhiteElo "1116"]
[BlackElo "1390"]
[WhiteTeam "SchVgg Blankenese von 1923 e.V."]
[BlackTeam "SV Werder Bremen"]
[PlyCount "57"]
[WhiteFideId "16292723"]
[BlackFideId "34604332"]
[EventCountry "GER"]
[EventRounds "7"]
[EventType "team-swiss"]
[EventDate "2021.08.06"]

{[%evp 0,40,18,36,40,-25,91,55,96,103,101,37,28,23,39,-38,19,26,23,20,99,-5,35,
35,35,35,35,30,26,21,34,-29,-30,-36,-26,-33,-40,-36,-8,-227,12,17,30] normal}
1. e4 e6 2. c4 Bc5 3. Nc3 d5 4. cxd5 exd5 5. exd5 Nf6 6. Bb5+ Bd7 7. Bd3 Bg4 8.
f3 Bh5 9. Bc2 Nxd5 10. d4 Bb4 11. Qe2+ Qe7 12. Qxe7+ Nxe7 13. Nge2 Nbc6 14. O-O
O-O-O 15. Be3 Bg6 16. Bxg6 hxg6 17. Rad1 Nf5 18. Bf2 Bd6 19. d5 Nce7 20. h3 Bb4
21. Nb5 Nxd5 22. Nxa7+ Kb8 23. Rd3 c6 24. Rb3 Ba5 25. Nxc6+ Kc7 26. Nxd8 Rxd8
27. Rd1 Bb6 28. Bxb6+ Nxb6 29. Rxd8 1-0

[Event "DVM U10 2020"]
[Site "Magdeburg GER"]
[Date "2021.08.07"]
[Round "4"]
[White "Zimmer, Tim"]
[Black "Rosado de Nebendahl, Philippe"]
[Result "1-0"]
[Termination "normal"]
[Board "7.2"]
[WhiteElo "1013"]
[BlackElo "847"]
[WhiteTeam "SV Werder Bremen"]
[BlackTeam "SchVgg Blankenese von 1923 e.V."]
[PlyCount "64"]
[WhiteFideId "34603115"]
[BlackFideId "16292731"]
[EventCountry "GER"]
[EventRounds "7"]
[EventType "team-swiss"]
[EventDate "2021.08.06"]

{[%evp 0,63,26,21,19,19,11,10,15,6,21,20,20,20,20,30,30,31,143,21,31,30,27,19,
34,10,105,29,229,233,261,251,520,525,533,431,555,378,361,367,353,353,752,760,
904,976,1049,827,878,858,874,874,899,802,874,688,884,911,993,975,1069,880,1040,
992,1125,1159] normal} 1. e4 e5 2. Nf3 Nc6 3. Bc4 Nf6 4. d3 h6 5. Nc3 Bc5 6.
Be3 Bxe3 7. fxe3 d6 8. O-O Ng4 9. Qd2 O-O 10. d4 a6 11. Rad1 Re8 12. Rfe1 Nb4
13. d5 Qf6 14. a3 b5 15. Bb3 Nxd5 16. Bxd5 Ra7 17. Bc6 Rd8 18. Nd5 Qe6 19. Qa5
Nf6 20. Nxc7 Qc4 21. Nxb5 Rf8 22. Nxa7 Qxc2 23. Nxc8 Rxc8 24. Rc1 Qxb2 25. Rb1
Qc2 26. Rec1 Qe2 27. Qb6 Ng4 28. Re1 Qf2+ 29. Kh1 Qc2 30. Bd7 Nf2+ 31. Kg1 Rf8
32. Rb2 Nh3+ 1-0

[Event "DVM U10 2020"]
[Site "Magdeburg GER"]
[Date "2021.08.07"]
[Round "4"]
[White "Ueberholz, Lasse"]
[Black "Schube, Theresa"]
[Result "0-1"]
[Termination "normal"]
[Board "7.3"]
[WhiteElo "995"]
[BlackElo "1264"]
[WhiteTeam "SchVgg Blankenese von 1923 e.V."]
[BlackTeam "SV Werder Bremen"]
[PlyCount "88"]
[WhiteFideId "16286766"]
[BlackFideId "34608800"]
[EventCountry "GER"]
[EventRounds "7"]
[EventType "team-swiss"]
[EventDate "2021.08.06"]

{[%evp 0,56,18,40,15,19,25,25,4,-4,60,18,25,-13,11,-24,40,-20,-30,-30,-36,-1,
-1,-19,-19,-76,-39,-81,-62,-68,-60,-120,-37,-40,64,-11,96,-154,-8,-18,121,-60,
-68,-72,-30,-116,-116,-145,-97,-92,-65,-65,-65,-124,-55,-92,-98,-100,-100]
normal} 1. e4 e5 2. Nf3 Nc6 3. Nc3 Nf6 4. Be2 d6 5. d3 Be7 6. Be3 O-O 7. O-O
Be6 8. h3 d5 9. exd5 Nxd5 10. Nxd5 Qxd5 11. c4 Qd7 12. Qc2 f5 13. Bg5 Bxg5 14.
Nxg5 Nd4 15. Qd2 Rf6 16. f4 e4 17. Rad1 h6 18. Nxe6 Qxe6 19. dxe4 Qxe4 20. Bf3
Nxf3+ 21. Rxf3 Qxc4 22. Rg3 Rd6 23. Qe1 Rad8 24. Rxd6 Rxd6 25. Qe8+ Kh7 26. Kh2
Qe6 27. Qxe6 Rxe6 28. Rc3 c6 29. Rd3 Re2 30. Rb3 b6 31. a4 Re4 32. Ra3 Rxf4 33.
Kg3 Rb4 34. Ra2 g5 35. Kf3 a5 36. g3 g4+ 37. hxg4 fxg4+ 38. Kg2 Kg6 39. Ra1
Rxb2+ 40. Kf1 Kg5 41. Re1 Kf5 42. Rc1 c5 43. Ke1 Rh2 44. Rb1 Rh1+ 0-1

[Event "DVM U10 2020"]
[Site "Magdeburg GER"]
[Date "2021.08.07"]
[Round "4"]
[White "Marrufo, Adriana"]
[Black "Steiner, Erik"]
[Result "0-1"]
[Termination "normal"]
[Board "7.4"]
[WhiteElo "844"]
[BlackElo "1012"]
[WhiteTeam "SV Werder Bremen"]
[BlackTeam "SchVgg Blankenese von 1923 e.V."]
[PlyCount "36"]
[WhiteFideId "34630252"]
[BlackFideId "16292715"]
[EventCountry "GER"]
[EventRounds "7"]
[EventType "team-swiss"]
[EventDate "2021.08.06"]

{[%evp 0,36,26,14,48,36,13,3,5,12,7,8,1,5,14,11,18,-39,-6,-51,-56,-459,-498,
-822,-842,-887,-895,-977,-1000,-1000,-1166,-982,-943,-1166,-1104,-29999,-1800,
-29999,-30000] normal} 1. e4 e5 2. Nf3 Nc6 3. Bc4 Bc5 4. Nc3 Nf6 5. d3 d6 6.
O-O O-O 7. Bg5 h6 8. Bh4 Bg4 9. Nd5 g5 10. Nxg5 Bxd1 11. Raxd1 Nxd5 12. exd5
hxg5 13. Bg3 Nd4 14. c3 Ne2+ 15. Kh1 Nxg3+ 16. hxg3 Qf6 17. f4 gxf4 18. gxf4
Qh4# 0-1

[Event "DVM U10 2020"]
[Site "Magdeburg GER"]
[Date "2021.08.07"]
[Round "4"]
[White "Arne, Jonas"]
[Black "Mehner, Clara"]
[Result "1/2-1/2"]
[Termination "normal"]
[Board "8.1"]
[WhiteElo "1205"]
[BlackElo "1183"]
[WhiteTeam "SC 1975 Bann"]
[BlackTeam "USG Chemnitz"]
[PlyCount "73"]
[WhiteFideId "34640398"]
[BlackFideId "34612165"]
[EventCountry "GER"]
[EventRounds "7"]
[EventType "team-swiss"]
[EventDate "2021.08.06"]

{normal} 1. d4 d5 2. Nf3 Nc6 3. g3 Nf6 4. Bg2 Bf5 5. O-O e6 6. a3 Be7 7. Nbd2
O-O 8. c4 Re8 9. c5 b6 10. b4 a5 11. b5 Na7 12. cxb6 cxb6 13. a4 Rc8 14. Ba3
Bc2 15. Bxe7 Qxe7 16. Qe1 Rc7 17. Ne5 Nd7 18. Ndf3 Nxe5 19. Nxe5 f6 20. Nf3 Nc8
21. Qd2 Nd6 22. Ne1 Rec8 23. Nd3 Bxd3 24. Qxd3 Rc3 25. Qd1 R3c4 26. e3 Qf7 27.
Re1 Qg6 28. f3 f5 29. Bf1 Rc2 30. Bd3 R2c3 31. Qd2 Qh6 32. Kg2 Nf7 33. f4 R8c7
34. Rac1 Rxc1 35. Rxc1 Rd7 36. Rc6 Rd6 37. Qc3 1/2-1/2

[Event "DVM U10 2020"]
[Site "Magdeburg GER"]
[Date "2021.08.07"]
[Round "4"]
[White "Frey, Lino"]
[Black "Klein, Levent"]
[Result "0-1"]
[Termination "normal"]
[Board "8.2"]
[WhiteElo "1119"]
[BlackElo "1229"]
[WhiteTeam "USG Chemnitz"]
[BlackTeam "SC 1975 Bann"]
[PlyCount "120"]
[WhiteFideId "34693394"]
[BlackFideId "34611274"]
[EventCountry "GER"]
[EventRounds "7"]
[EventType "team-swiss"]
[EventDate "2021.08.06"]

{normal} 1. e4 e6 2. d4 d5 3. e5 c5 4. c3 Nc6 5. Nf3 Qb6 6. Qb3 Qxb3 7. axb3
cxd4 8. cxd4 Nge7 9. Bb5 Nf5 10. Bxc6+ bxc6 11. O-O Rb8 12. Nbd2 a6 13. Ra3
Bxa3 14. bxa3 O-O 15. b4 Bd7 16. Nb3 Rfd8 17. Bg5 Rf8 18. Rc1 f6 19. Bf4 Rb6
20. Nc5 Bc8 21. Na4 Rb7 22. Rxc6 Bd7 23. Rxa6 Bxa4 24. Rxa4 Rc8 25. Ra6 g5 26.
Be3 g4 27. Ne1 Nxe3 28. fxe3 fxe5 29. dxe5 Kf7 30. Kf2 Rc3 31. h3 h5 32. Ke2
Rbc7 33. a4 Ra3 34. Kd2 Ra2+ 35. Kd3 Rc4 36. e4 Ra3+ 37. Kd2 Rxe4 38. Nc2 Rxh3
39. Ra8 Rg3 40. Rh8 Rxg2+ 41. Kd3 Rxc2 42. Kxc2 Rxb4 43. Rxh5 Rxa4 44. Rh4 Kg6
45. Rh8 Kf5 46. Kd3 Kxe5 47. Ke3 Ra3+ 48. Kf2 d4 49. Rh5+ Kf4 50. Ke2 g3 51.
Rh3 Kg4 52. Rh1 g2 53. Rg1 Kg3 54. Ke1 Ra1+ 55. Ke2 Rxg1 56. Kd2 Rf1 57. Ke2
g1=Q 58. Kd2 Qe3+ 59. Kc2 Rf2+ 60. Kd1 Qd2# 0-1

[Event "DVM U10 2020"]
[Site "Magdeburg GER"]
[Date "2021.08.07"]
[Round "4"]
[White "Klein, Deniz"]
[Black "Mo, Keyou"]
[Result "1-0"]
[Termination "normal"]
[Board "8.3"]
[WhiteElo "949"]
[BlackElo "1000"]
[WhiteTeam "SC 1975 Bann"]
[BlackTeam "USG Chemnitz"]
[PlyCount "51"]
[WhiteFideId "34611282"]
[BlackFideId "34623582"]
[EventCountry "GER"]
[EventRounds "7"]
[EventType "team-swiss"]
[EventDate "2021.08.06"]

{normal} 1. c4 e5 2. g3 Nf6 3. Bg2 d5 4. cxd5 Nxd5 5. Nc3 c6 6. e4 Nf6 7. Nge2
Bc5 8. O-O O-O 9. d3 Be6 10. Bg5 h6 11. Be3 Bd6 12. f4 exf4 13. Bxf4 Bg4 14. e5
Bxe2 15. Nxe2 Bc5+ 16. d4 Nd5 17. dxc5 Nxf4 18. Nxf4 Qe7 19. Qd6 Qg5 20. e6
fxe6 21. Qxe6+ Kh8 22. Ng6+ Kh7 23. Nxf8+ Kh8 24. Qf5 Qe3+ 25. Kh1 b6 26. Qh7#
1-0